Vista normal
Vista MARC
Entrada Topical Term
Número de registros utilizados en: 1
001 - CONTROL NUMBER
- control field: 9903
003 - CONTROL NUMBER IDENTIFIER
- control field: OSt
005 - DATE AND TIME OF LATEST TRANSACTION
- control field: 20200907152205.0
008 - FIXED-LENGTH DATA ELEMENTS
- fixed length control field: 200907|| aca||aabn | a|a d
040 ## - CATALOGING SOURCE
- Original cataloging agency: OSt
- Transcribing agency: OSt
150 ## - HEADING--TOPICAL TERM
- Form subdivision: Ficción juvenil
670 ## - SOURCE DATA FOUND
- Source citation: Work cat.: (OSt): Castilla, Julia Mercedes, autora 6540, Nadia se llama Perucho Corchuelo / , 2004.